Anthony van Dyck (1599 - 1641) and the representation of dress in seventeenth-century portraiture
Gespeichert in:
| VerfasserIn: | |
|---|---|
| Mitwirkende: | |
| Dokumenttyp: | Hochschulschrift Buch |
| Sprache: | English |
| Veröffentlicht: |
Turnhout
: Brepols
, 2001
|
| Schriftenreihe: | Pictura nova
8 |
| Schlagwörter: | |
| Online Zugang: | Rezension Rezension |
| Bibliogr. Hinweis: | Rezensiert in:
[Rezension von: Emilie E.S. Gordenker, Van Dyck and the representation of dress in seventeenth-century portraiture] |
| Verantwortlich: | Emilie E. S. Gordenker |
| LEADER | 06383cam a2201009 c 4500 | ||
|---|---|---|---|
| 001 | 331759934 | ||
| 003 | DE-627 | ||
| 005 | 20260421104842.0 | ||
| 007 | tu | ||
| 008 | 010719s2001 be ||||| m 00| ||eng c | ||
| 010 | |a 2002500132 | ||
| 016 | 7 | |a 2503508804 |2 UK | |
| 020 | |a 2503508804 |9 2-503-50880-4 | ||
| 024 | 3 | |a 9782503508801 | |
| 035 | |a (DE-627)331759934 | ||
| 035 | |a (DE-576)088588238 | ||
| 035 | |a (DE-599)GBV331759934 | ||
| 035 | |a (OCoLC)1050538699 | ||
| 035 | |a (OCoLC)49419224 | ||
| 035 | |a (OCoLC)1050538699 | ||
| 035 | |a (OCoLC)237619893 | ||
| 040 | |a DE-627 |b ger |c DE-627 |e rakwb | ||
| 041 | |a eng | ||
| 044 | |c XA-BE | ||
| 050 | 0 | |a ND1329.D93 | |
| 082 | 0 | |a 759.9493 |q HBZ | |
| 082 | 0 | |a 750 | |
| 084 | |a 9,10 |2 ssgn | ||
| 084 | |a LH 70360 |q OBV |2 rvk |0 (DE-625)rvk/94817: | ||
| 084 | |a LH 70140 |q OBV |2 rvk |0 (DE-625)rvk/94796: | ||
| 084 | |a LH 70450 |q OBV |2 rvk |0 (DE-625)rvk/94828: | ||
| 084 | |a LI 27806 |q HBZ |2 rvk |0 (DE-625)rvk/95923:13284 | ||
| 084 | |a LH 78995 |q HBZ |2 rvk |0 (DE-625)rvk/95090:7 | ||
| 084 | |a LH 84160 |q HBZ |2 rvk |0 (DE-625)rvk/95285: | ||
| 084 | |a LI 27803 |2 rvk |0 (DE-625)rvk/95923:13281 | ||
| 084 | |a 20.31 |2 bkl | ||
| 084 | |a 21.02 |2 bkl | ||
| 084 | |a 20.24 |2 bkl | ||
| 090 | |a a | ||
| 100 | 1 | |a Gordenker, Emilie E. S. |d 1965- |0 (DE-588)1182951309 |0 (DE-627)1662961480 |4 aut | |
| 245 | 1 | 0 | |a Anthony van Dyck (1599 - 1641) and the representation of dress in seventeenth-century portraiture |c Emilie E. S. Gordenker |
| 246 | 1 | |i Nebensacht. |a Van Dyck and the representation of dress in seventeenth-century portraiture | |
| 246 | 3 | 3 | |a Anthony van Dyck |
| 246 | 3 | 3 | |a Careless romance |
| 264 | 1 | |a Turnhout |b Brepols |c 2001 | |
| 300 | |a IX, 297 S. |b zahlr. Ill. | ||
| 336 | |a Text |b txt |2 rdacontent | ||
| 337 | |a ohne Hilfsmittel zu benutzen |b n |2 rdamedia | ||
| 338 | |a Band |b nc |2 rdacarrier | ||
| 490 | 1 | |a Pictura nova |v 8 | |
| 500 | |a Umschlagt.: Van Dyck and the representation of dress in seventeenth-century portraiture | ||
| 502 | |a Zugl.: New York, NY, New York Univ., Diss., 1998 u.d.T.: Gordenker, Emilie E. S: Careless romance : Van Dyck and costume in seventeenth-century portraiture | ||
| 505 | 8 | |a Literaturverz. S. 131 - 151 | |
| 583 | 1 | |a Archivierung/Langzeitarchivierung gewährleistet |f SSG |x XA-DE-BW |2 pdager |5 DE-16 | |
| 583 | 1 | |a Archivierung prüfen |c 20240324 |f DE-4165 |z 2 |2 pdager | |
| 600 | 1 | 0 | |a Van Dyck, Anthony |d 1599-1641 |x Criticism and interpretation |
| 650 | 0 | |a Clothing and dress in art | |
| 651 | 0 | |a Great Britain |x Court and courtiers |v Portraits | |
| 655 | 7 | |a Hochschulschrift |0 (DE-588)4113937-9 |0 (DE-627)105825778 |0 (DE-576)209480580 |2 gnd-content | |
| 689 | 0 | 0 | |d p |0 (DE-588)118528386 |0 (DE-627)139202021 |0 (DE-576)160811848 |a Dyck, Anton van |d 1599-1641 |2 gnd |
| 689 | 0 | 1 | |d s |0 (DE-588)4133997-6 |0 (DE-627)105676039 |0 (DE-576)209648562 |a Mode |g Motiv |2 gnd |
| 689 | 0 | 2 | |d s |0 (DE-588)4145426-1 |0 (DE-627)104297247 |0 (DE-576)209741392 |a Bildnismalerei |2 gnd |
| 689 | 0 | |5 (DE-627) | |
| 700 | 1 | |a Dyck, Anton van |d 1599-1641 |e Ill. |0 (DE-588)118528386 |0 (DE-627)139202021 |0 (DE-576)160811848 |4 ill | |
| 751 | |a New York |4 uvp | ||
| 787 | 0 | 8 | |i Rezensiert in |a Tasch, Stephanie, 1963 - |t [Rezension von: Emilie E.S. Gordenker, Van Dyck and the representation of dress in seventeenth-century portraiture] |d 2003 |w (DE-627)1920618368 |
| 830 | 0 | |a Pictura nova |v 8 |9 8 |w (DE-627)254632777 |w (DE-576)056166656 |w (DE-600)1462347-X |7 am | |
| 856 | 4 | 2 | |u https://swbplus.bsz-bw.de/bsz088588238rez.htm |m B:DE-576;DE-16 |q application/pdf |v 20081106095302 |x Verlag |3 Rezension |7 1 |
| 856 | 4 | 2 | |u http://www.sehepunkte.de/2003/02/3201.html |m V:DE-576;X:Sehepunkte |q text/html |v 20180424113608 |3 Rezension |7 1 |
| 935 | |i sf | ||
| 935 | |i Blocktest | ||
| 936 | r | v | |a LH 70360 |b Barock, Rokoko |k Kunstgeschichte |k Allgemeines. Allgemeine Kunstgeschichte |k Kunstgeschichte einzelner Gattungen der Kunst |k Malerei |k Darstellungen einzelner Epochen |k Barock, Rokoko |0 (DE-627)1271107473 |0 (DE-625)rvk/94817: |0 (DE-576)201107473 |
| 936 | r | v | |a LH 70140 |b Allgemeines, gattungsübergreifende Darstellungen |k Kunstgeschichte |k Allgemeines. Allgemeine Kunstgeschichte |k Kunstgeschichte einzelner Gattungen der Kunst |k Malerei |k Beziehungen zu anderen Kunstgattungen |k Allgemeines, gattungsübergreifende Darstellungen |0 (DE-627)1270930486 |0 (DE-625)rvk/94796: |0 (DE-576)200930486 |
| 936 | r | v | |a LH 70450 |b Porträt |k Kunstgeschichte |k Allgemeines. Allgemeine Kunstgeschichte |k Kunstgeschichte einzelner Gattungen der Kunst |k Malerei |k Gegenstände (Darstellungen nichtikonographischen Charakters) |k Porträt |0 (DE-627)1271028514 |0 (DE-625)rvk/94828: |0 (DE-576)201028514 |
| 936 | r | v | |a LI 27806 |b der Künstler als Maler |k Kunstgeschichte |k Künstler-Monografien |k Alphabetische Künstlerliste |k Künstler D |k Dyck, Anton van (bis 27810) |k der Künstler als Maler |0 (DE-627)1271881888 |0 (DE-625)rvk/95923:13284 |0 (DE-576)201881888 |
| 936 | r | v | |a LH 78995 |b Barock/Rokoko |k Kunstgeschichte |k Allgemeines. Allgemeine Kunstgeschichte |k Kunstgeschichte einzelner Gattungen der Kunst |k Kunstgewerbe |k Ordnung nach Gattungen |k Kleidung, Kostüm und Mode |k Allgemeine Darstellungen, Abbildungswerke |k Barock/Rokoko |0 (DE-627)1274792010 |0 (DE-625)rvk/95090:7 |0 (DE-576)204792010 |
| 936 | r | v | |a LH 84160 |b Allgemeines |k Kunstgeschichte |k Allgemeines. Allgemeine Kunstgeschichte |k Kunstgeschichte einzelner Gattungen der Kunst |k Ikonographie, Ikonologie |k Weltliche Ikonographie |k Der Mensch |k Porträt (auch szenisches Bildnis) |k Allgemeines |0 (DE-627)1270654047 |0 (DE-625)rvk/95285: |0 (DE-576)200654047 |
| 936 | r | v | |a LI 27803 |b Abbildungswerke und Monographien zu einem Thema (sofern hierzu Werke des Künstlers aus zwei oder mehr Kunstgattungen - z.B. Plastik und Malerei - vorliegen) |k Kunstgeschichte |k Künstler-Monografien |k Alphabetische Künstlerliste |k Künstler D |k Dyck, Anton van (bis 27810) |k Abbildungswerke und Monographien zu einem Thema (sofern hierzu Werke des Künstlers aus zwei oder mehr Kunstgattungen - z.B. Plastik und Malerei - vorliegen) |0 (DE-627)1271952742 |0 (DE-625)rvk/95923:13281 |0 (DE-576)201952742 |
| 936 | b | k | |a 20.31 |j Bildende Künstler |0 (DE-627)181571080 |
| 936 | b | k | |a 21.02 |j Geschichte der Malerei |0 (DE-627)106406698 |
| 936 | b | k | |a 20.24 |j Gesellschaft |j Kultur |x Ikonographie |0 (DE-627)106423622 |
| 951 | |a BO | ||
| 990 | |a Dyck, Anton van | ||
| 990 | |a Mode | ||
| 990 | |a Bildnismalerei | ||
| 991 | |a Rezensiertes Werk | ||
| 999 | |a KXP-PPN331759934 |e 4955654649 | ||


